[Event "Gothenburg op"]
[Site "Gothenburg"]
[Date "2018.08.17"]
[Round "1"]
[White "Vypkhaniuk, Igor"]
[Black "Westergren, Bertil"]
[Result "1-0"]
[WhiteElo "2357"]
[BlackElo "1857"]
[PlyCount "71"]
[EventDate "2018.08.17"]
[EventType "swiss"]
[EventRounds "8"]
[EventCountry "SWE"]
[SourceTitle "CBM 186 Extra"]
[Source "ChessBase"]
[SourceDate "2018.08.24"]
[SourceVersion "1"]
[SourceVersionDate "2018.08.24"]
[SourceQuality "1"]

1. Nf3 d5 2. c4 c6 3. e3 Nf6 4. Nc3 e6 5. b3 Be7 6. Qc2 0-0 7. Be2 Nbd7 8. d4 a6 9. 0-0 Qc7 10. Bb2 dxc4 11. bxc4 b5 12. c5 Re8 13. Ng5 h6 14. Nge4 Nd5 15. Rac1 N7f6 16. Ng3 Nxc3 17. Qxc3 Nd5 18. Qd2 Bf6 19. f4 g6 20. Kh1 Bg7 21. Ne4 f6 22. Nd6 Rf8 23. e4 Ne7 24. Bd3 Bd7 25. Rce1 f5 26. exf5 Nxf5 27. Bxf5 gxf5 28. Rf3 Bf6 29. Bc3 a5 30. Ree3 b4 31. Bb2 Kh7 32. Rh3 Bg7 33. Reg3 Be8 34. Qe1 Bf7 35. Rg5 Rh8 36. d5 1-0

[Event "Gothenburg op"]
[Site "Gothenburg"]
[Date "2017.08.18"]
[Round "4"]
[White "Westergren, Bertil"]
[Black "Forsberg, Timmy"]
[Result "0-1"]
[WhiteElo "1863"]
[BlackElo "2093"]
[PlyCount "50"]
[EventDate "2017.08.18"]
[EventType "swiss"]
[EventRounds "8"]
[EventCountry "SWE"]
[SourceTitle "CBM 180 Extra"]
[Source "ChessBase"]
[SourceDate "2017.10.06"]
[SourceVersion "1"]
[SourceVersionDate "2017.10.06"]
[SourceQuality "1"]

1. d4 d5 2. c4 dxc4 3. Nc3 a6 4. a4 Nc6 5. e3 Na5 6. Nf3 Nf6 7. Ne5 Be6 8. Be2 c5 9. 0-0 Qc7 10. f4 cxd4 11. exd4 Nb3 12. Ra3 Rd8 13. Be3 Nd5 14. Nxd5 Bxd5 15. Qc2 Na5 16. Rc1 e6 17. Rc3 Bb4 18. Rxc4 Nxc4 19. Nxc4 0-0 20. Qd3 Rc8 21. b3 Qe7 22. Rf1 b5 23. axb5 axb5 24. Nb6 Rc3 25. Nxd5 exd5 0-1

[Event "Gothenburg op"]
[Site "Gothenburg"]
[Date "2016.08.19"]
[Round "3"]
[White "Westergren, Bertil"]
[Black "Petersson, Baldur Teodor"]
[Result "1/2-1/2"]
[WhiteElo "1947"]
[BlackElo "2019"]
[PlyCount "55"]
[EventDate "2016.08.19"]
[EventType "swiss"]
[EventRounds "8"]
[EventCountry "SWE"]
[SourceTitle "CBM 174 Extra"]
[Source "ChessBase"]
[SourceDate "2016.10.10"]
[SourceVersion "1"]
[SourceVersionDate "2016.10.10"]
[SourceQuality "1"]

1. d4 d5 2. c4 c6 3. cxd5 cxd5 4. Bf4 Nf6 5. Nc3 Nc6 6. e3 a6 7. Rc1 Qb6 8. Qd2 Bf5 9. Nf3 e6 10. Be2 Bb4 11. 0-0 Ne4 12. Qd1 Bxc3 13. bxc3 Qb2 14. Rc2 Qa3 15. Qc1 Qxc1 16. Rcxc1 b5 17. Nh4 Kd7 18. Nxf5 exf5 19. f3 Nd6 20. Bxd6 Kxd6 21. a4 Rhe8 22. Kf2 b4 23. cxb4 Nxb4 24. Rc5 Rec8 25. Rfc1 Rc6 26. Rxc6+ Nxc6 27. Rc5 Nb4 28. h4 1/2-1/2

[Event "Deltalift op"]
[Site "Tylosand"]
[Date "2016.05.05"]
[Round "4"]
[White "Westergren, Bertil"]
[Black "Nilsson, Patrik"]
[Result "0-1"]
[WhiteElo "1928"]
[BlackElo "2155"]
[PlyCount "88"]
[EventDate "2016.05.05"]
[EventType "swiss"]
[EventRounds "8"]
[EventCountry "SWE"]
[SourceTitle "CBM 172 Extra"]
[Source "ChessBase"]
[SourceDate "2016.06.21"]
[SourceVersion "1"]
[SourceVersionDate "2016.06.21"]
[SourceQuality "1"]

1. d4 f5 2. Bg5 g6 3. e3 Bg7 4. Nf3 Nf6 5. Bxf6 Bxf6 6. g3 d6 7. Bg2 0-0 8. 0-0 e5 9. dxe5 dxe5 10. Qe2 e4 11. Qc4+ Kg7 12. Nd4 Qe7 13. Nc3 c6 14. Rfd1 Na6 15. Rd2 Nc5 16. Nb3 Nxb3 17. axb3 Be6 18. Qe2 a5 19. Bf1 b5 20. Rad1 Rfd8 21. f3 Rxd2 22. Rxd2 exf3 23. Qxf3 Bxc3 24. bxc3 Bd5 25. Qf4 Re8 26. Kf2 Qe5 27. Qxe5+ Rxe5 28. Rd1 Be4 29. Bd3 Rc5 30. b4 axb4 31. cxb4 Rc3 32. Rd2 Kf6 33. Ke2 Ke5 34. Kd1 Bd5 35. Rf2 Ra3 36. h4 Ra4 37. Rf4 Ra1+ 38. Kd2 Rg1 39. h5 Rxg3 40. hxg6 hxg6 41. Ke2 Rh3 42. Rf2 Rh4 43. c3 Be4 44. Kd2 g5 0-1